Culture Générale - Série 2173 - Statistiques

Statistiques générales
  • Ce quiz a été pris 93 fois
  • Le résultat moyen est 6 sur 10
Statistiques - réponses
Question Réponse % Correct
Quelle est la capitale du Maroc? Rabat
98%
Dans quelle ville la Saône se jette-t-elle dans le Rhône ? Lyon
87%
Quel pilote de chasse de la Première Guerre mondiale, qui a donné son nom à un célèbre stade de tennis, a une sépulture à Vouziers ? prénom et nom - voir photo Roland Garros
73%
Quel pays l’équipe de France de football a-t-elle affronté lors de la finale de la Coupe du monde le 15 juillet 2018 en Russie? Croatie
71%
Quel est le chef-lieu de l'Aude ? Carcassonne
69%
Quel département d'outre-mer porte le numéro 976 ? Mayotte
64%
Quel est le plus grand département de France métropolitaine ? Gironde
63%
Combien de départements la Loire traverse-t-elle ? 12
61%
Quel peintre prénommé Raoul est né au Havre en 1877 ? Dufy
30%
Dans quel département français se trouve la ville de Vouziers ? Ardennes
17%
Aucun quiz correspondant
Distribution des résultats
% des personnes avec chaque résultat
Percentile par nombre de réponses
Votre historique - résultats
Vous n’avez pas pris ce quiz